2017 Music Quiz! - Statistics

General Stats
  • This quiz has been taken 1,332 times
  • The average score is 4 of 15
Answer Stats
Hint Answer % Correct
A Club Isn't The Best Place To Find A Lover But The Bar Is Where I Go Shape Of You
93%
Who's Gonna Walk You Through The Dark Side Of The Morning? It Ain't Me
46%
Turn It Up It's Your Favorite Song, Dance,Dance,Dance To The Distortion Chained To The Rhythm
39%
And Now Your Song Is On Repeat And I'm Dancing To Your Heartbeat Symphony
35%
Love In A Thousand Different Flavors, I Wish That I Could Taste Them All The Time Swalla
29%
Passionate From Miles Away Passive With The Things You Say Passin' Up On My Old Ways Passionfruit
28%
Aye, I Remember Syrup Sandwiches And Crime Allowances Finesse A Person With Sum Counterfeits HUMBLE
23%
I've Got the Big Size Twelves On My Feet Your Face Ain't Big For My Boot Big For Your Boots
20%
I'm Onto You, Yeah You I'm Not Your Number One Ciao Adios
12%
Just Stop Lookin' For Love Girl, You Know You Still Got Time Still Got Time
12%
First Things First I'ma Say All The Words Inside My Head I'm Fired Up And Tired Of The Way That Things Have Been. Beliver
10%
Wake Up In The Morning, By The Night, I Count Stacks Bounce Back
9%
Come On Over, In My Direction, So Thankful For That, It's Such A Pleasure Yeah Despacito Remix
6%
They Thought That You Was A Shy Girl, Until I Made You My Girl Run Up
5%
I Gave You The Best That You Ever Had, Gave You One Dose And Got You Addicted I Think Of You
1%
No matching quizzes found
Score Distribution
Percent of People with Each Score
Percentile by Number Answered
Your Score History
You have not taken this quiz